Capitales européennes en images – Mort subite - Statistiques

Statistiques générales
  • Ce quiz a été pris 93 fois
  • Le résultat moyen est 11 sur 20
Answers on the Grid
Answers color-coded by a green-red scale on the quiz's grid according to % correct below.
 
Statistiques - réponses
Réponse % Correct
Rome
86%
Paris
83%
Berlin
80%
Amsterdam
78%
Madrid
65%
Copenhague
62%
Vienne
60%
Riga
57%
Monaco
57%
Bern
56%
Prague
56%
Tallinn
52%
Lisbonne
52%
Bruxelles
47%
Stockholm
47%
Bratislava
44%
Vaduz
40%
Helsinki
40%
Dublin
36%
Oslo
20%
Aucun quiz correspondant
Distribution des résultats
% des personnes avec chaque résultat
Percentile par nombre de réponses
Votre historique - résultats
Vous n’avez pas pris ce quiz